Statistics for 2 Letter Acronyms

Click here to take the quiz!

General Stats

  • This quiz has been taken 11 times
  • The average score is 9 of 16

Answer Stats

AcronymFull Words% Correct
BCBefore Christ
90%
CDCompact Disc
90%
LPLong Play
90%
AC (Gives Air)Air Conditioner
80%
HDHigh Definition
80%
ADAnno Domini
70%
BK (Food)Burger King
70%
DQ (Food)Dairy Queen
70%
HP (Technology)Hewlett Packard
60%
PCPersonal Computer
60%
PEPhysical Education
60%
EPExtended Play
40%
CCClosed Captions
30%
RCRemote Control
30%
HP (Gaming)Health Points
0%
SDStandard Definition
0%

Score Distribution

Percentile by Number Answered

Percent of People with Each Score

Your Score History

You have not taken this quiz